000 00466nam a2200133 a 4500
008 120416s1972 ||||||||||||||||| || u
050 _aTA 148 Fur
100 _aFurnas, C. C
245 1 4 _aThe engineer
260 _a[Nederland] N. V.
_bTime-Life International
_c1972
300 _a200p. : ill.
350 _a0.00
995 _D0.00
_FCBU-MAIN LIBRARY (Kitwe)
_H1
_I2.90
_UAVAILABLE
_ZMain Library Open Access Collection
999 _c41912
_d41912